Bienvenido a nuestro catálago, Biblioteca Universidad Monteávila

Vista normal Vista MARC

Entrada Encabezamiento personal

Número de registros utilizados en: 1

001 - NÚMERO DE CONTROL

  • campo de control: 13985

003 - IDENTIFICADOR DEL NÚMERO DE CONTROL

  • campo de control: vecauma

005 - FECHA Y HORA DE LA ÚLTIMA TRANSACCIÓN

  • campo de control: 20260410185333.0

008 - DATOS DE LONGITUD FIJA

  • campo de control de longitud fija: 260410|| aca||aabn | a|a d

040 ## - FUENTE DE LA CATALOGACIÓN

  • Centro catalogador/agencia de origen: vecauma

053 ## - Clasificación de la Biblioteca del Congreso

  • Número de clasificación–único número o número inicial: PQ8549.S62

100 1# - ENCABEZAMIENTO-NOMBRE DE PERSONA

  • Nombre de persona: De-Sola Ricardo, Irma,
  • Fechas asociadas al nombre: 1916-1991

370 ## - LUGAR ASOCIADO

  • Lugar de nacimiento: Caracas
  • Lugar de fallecimiento: Caracas
  • País asociado: Venezuela

374 ## - OCUPACION

  • Ocupación: Escritora
  • Ocupación: Promotora cultural
  • Ocupación: Defensora de los derechos de la mujer

375 ## - GENERO

  • Género: Femenino

377 ## - IDIOMA ASOCIADO

  • Código del idioma: spa

400 1# - TRAZADO DE VÉASE--NOMBRE DE PERSONA

  • Nombre personal: De-Sola de Lovera, Irma,
  • Fechas asociadas con el nombre: 1916-1991

400 1# - TRAZADO DE VÉASE--NOMBRE DE PERSONA

  • Nombre personal: De Sola Ricardo, Irma,
  • Fechas asociadas con el nombre: 1916-1991

670 ## - FUENTE EN LA QUE SE LOCALIZARON DATOS

  • Cita de la fuente: Catálogo de Autoridades de la Biblioteca del Congreso (LCSH),
  • Información localizada: (Irma De-Sola Ricardo)

Copyright @ UMA Library
Universidad Monteávila Caracas, Venezuela

Edif. Sede principal Universidad Monteávila. Av. El Buen Pastor. Boleíta Norte. Caracas. 
Customized by Universidad Monteávila

Con tecnología Koha